| 000 | 00451nam a2200181Ia 4500 | ||
|---|---|---|---|
| 003 | 0100 | ||
| 008 | 130303s9999 xx 000 0 und d | ||
| 040 | _cARRUPELIB | ||
| 050 | _aBP80.C46B73 | ||
| 100 | _aBrenner, Louis | ||
| 245 | _aWest African Sufi | ||
| 245 | _bThe religious heritage and spiritual search of Cerno Bokar Saalif Taal | ||
| 260 | _aBerkeley CA | ||
| 260 | _bUniv. of CA Pr. | ||
| 260 | _C1984 | ||
| 300 | _a215p | ||
| 942 | 0 | 0 | _01 |
| 999 |
_c24256 _d24256 |
||